000 00810nam a2200253Ia 4500
003 OSt
005 20221005110512.0
006 a|||||r|||| 00| 0
007 ta
008 221004b |||||||| |||| 00| 0 hin d
024 _a32223
037 _cTextual
040 _aCRL
_cCRL
_bhin
041 _2hin
_ahin
082 _aO152,1N01:g, L8
100 _aनगेन्द्र
245 0 _aसुमित्रानंदन पंत
246 _aSumitrānandan panta
260 _aनई दिल्ली
_bनेशनल पब्लिशिंग हाउस भारत
_c1978
300 _a175पृ.
_ccm.
650 _aहिन्दी साहित्य
942 _hO152,1N01:g, L8
_cTEXL
_2cc
999 _c1019021
_d1019021